1152 1870 1493 1322 1205 1441 1133 1190 1878 1324 1631 1640 1941 1396 1724 1979 1596 1554 1287 1803 1554 1887 1563 1321 1121 1414 1295 1557 1090 1219 1563 1690 1046 1248 1119 1826 1294 1360 1790 1296 1327 1663 1766 1859 1172 1670 1276 1894 1604 1656 1192 1396 1194 1342 1437 1896 1350 1387 1778 1972 1325 1685 1002 1925 1720 1329 1061 1398 1481 1241 1379 1683 1696 1845 1316 1424 1459 1242 1687 1067 1747 1318 1120 1065 1456 1519 1443 1565 1272 1612 1226 1229 1144 1146 1638 1237 1610 1193 1272 BCNSPRNW ULIB Ver.6.0+V

เปลี่ยนเป็นภาษาไทย

Change to English
 แสดงรายละเอียดบรรณานุกรม
  กลับหน้าหลัก

Brief Record : Get Marc (ISO 2709) : E-mail record : QR code < ปิดหน้าต่าง
LEADER : 00000nam 2200000uu 4500
001    13399112557
003     ULIB
008    110824s2552||||th 000 0 tha d
020    9786169028307
090    นว.^bบ422ฮ 2552
100 0  บุญชรัสมิ์ สุขสว่าง
245 00 แฮร์รี่ พอตเตอร์ เรื่องราวของเด็กชายผู้รอดชีวิต/^cบุญชรัสมิ์ สุขสว่าง
250    พิมพ์ครั้งที่ 1
260    กรุงเทพฯ :^bอัลเลลูยาพับลิชชิ่ง,^c2552
300    213 หน้า
945    ^p140^l0^i026777
995    ทศพร
999     ^aใช้งานได้ทุกระบบ
รายการนี้ยังไม่มีแท็ก
คุณยังไม่ได้ล็อกอิน คุณสามารถมีกิจกรรมร่วมกับเว็บไซต์ได้ แต่ต้องล็อกอินก่อน ::
  ล็อกอิน

รายการสื่อสารสนเทศ

ลำดับที่ ประเภท เลขเรียก/บาร์โค้ด สถานที่ สถานะ
- ไม่พบข้อมูล -

BibComment


ยังไม่เคยถูกคอมเมนท์

คอมเมนท์ทรัพยากรรายการนี้
  คอมเมนท์: แฮร์รี่ พอตเตอร์ ..


 Copyright 2026. Bcnsprnw @Library